000 00799nam a2200265Ia 4500
003 OSt
005 20220924122411.0
006 a|||||r|||| 00| 0
007 ta
008 220923b |||||||| |||| 00| 0 urd d
020 _c2.25
024 _a322391
037 _cTextual
040 _aARTS
_cARTS
_burd
041 _2urd
_aurd
082 _aT1:3, 168K2
100 _aWrightstone J. Wayne Au.
_9189374
245 0 _aTadrees ke liye jamaati tanzeem
260 _aLahore
_bShekh Ghulam Ali and sons Pakistan
_c1962
650 _a TEACHING
_934578
650 _aSECONDARY EDUCATION
_9171032
700 _a Bukhari S. Nazar Mohammad Tr.
_9189375
942 _hT1:3, 168K2
_cTEXL
_2CC
999 _c411476
_d411476